Vocabulario del bable de Occidente / (Record no. 185629)

MARC details
000 -LEADER
campo de control de longitud fija 00866nam a2200205 i 4500
001 - NÚMERO DE CONTROL
campo de control 185629
003 - IDENTIFICADOR DE NÚMERO DE CONTROL
campo de control ES-MaACL
005 - FECHA Y HORA DE LA ÚLTIMA TRANSACCIÓN
campo de control 20250927123003.0
008 - DATOS DE LONGITUD FIJA--INFORMACIÓN GENERAL
campo de control de longitud fija 160729s1932 sp |||| | spa d
100 1# - ENTRADA PRINCIPAL--NOMBRE DE PERSONA
Nombre de persona Acevedo y Huelves, Bernardo,
Fechas asociadas al nombre 1849-1920
9 (RLIN) 160241
245 10 - MENCIÓN DEL TÍTULO
Título Vocabulario del bable de Occidente /
Mención de responsabilidad, etc. por Bernardo Acevedo y Huelves y Marcelino Fernández y Fernández.
260 ## - PUBLICACIÓN, DISTRIBUCIÓN, ETC.
Lugar de publicación, distribución, etc. Madrid :
Nombre del editor, distribuidor, etc. Junta para Ampliación de Estudios e Investigaciones Científicas, Centro de Estudios Históricos,
Fecha de publicación, distribución, etc. 1932.
300 ## - DESCRIPCIÓN FÍSICA
Extensión XIII, 242 p., [6] h. de lám. ;
Dimensiones 24 cm.
490 1# - MENCIÓN DE SERIE
Mención de serie Archivo de tradiciones populares ;
Designación de volumen o secuencia 3
650 ## - PUNTO DE ACCESO ADICIONAL DE MATERIA--TÉRMINO DE MATERIA
Término de materia o nombre geográfico como elemento de entrada Dialecto bable-
Subdivisión de forma Diccionarios.
9 (RLIN) 11855
700 1# - ENTRADA AGREGADA--NOMBRE PERSONAL
Nombre de persona Fernández y Fernández, Marcelino,
Fechas asociadas al nombre 1866-1932
9 (RLIN) 160242
830 0# - PUNTO DE ACCESO ADICIONAL DE SERIE-TÍTULO UNIFORME
Título uniforme Archivo de tradiciones populares ;
Designación de volumen o secuencia 3
9 (RLIN) 192359
852 ## - LOCALIZACIÓN
Ubicación ES-MaACL
Número de control de estantería B-13358
Holdings
Estatus retirado Estado de pérdida Estado de daño No para préstamo Biblioteca de origen Biblioteca actual Ubicación en estantería Fecha de adquisición Fuente de adquisición Total de préstamos Signatura topográfica completa Código de barras Visto por última vez Precio de reemplazo Tipo de ítem Koha
        Biblioteca del Ateneo de Madrid Biblioteca del Ateneo de Madrid Sala Pardo Bazán 29/07/2016     B-13358 1195676 23/02/2023 23/02/2023 Libro impreso